000 00470nam a2200193Ia 4500
005 20240823032924.0
008 240823s9999||||xx |||||||||||||| ||und||
020 _a18-203-2119-7
041 _aENGLISH
082 _A629.8312 Q0
100 _a"Goodwin,Graham C [et al]"
245 0 _aControl System Design
250 _a1st
260 _c2010
_b"PHI,New "
_aNew Delhi
500 _aYES
650 _aControl System
_bElectronics
942 _cBK
999 _c194582
_d194582